000 00496nam a2200181Ia 4500
005 20250326130831.0
008 250326s9999 xx 000 0 und d
037 _aTextbook
040 _aFMSL
_beng
_cFMSL
041 _aeng
_2eng
084 _aX:8 P1
_qFMSL
100 _aDrucker P F
_9735093
245 0 _aEssential durcker
_cDrucker P F
260 _aUnited Kingdom
_bUnited Kingdom, Harper Business
_c2001
300 _a170p
942 _cTB
_hX:8 P1
999 _c1284299
_d1284299